| 000 | 00766nam a22002657a 4500 | ||
|---|---|---|---|
| 003 | dpl | ||
| 005 | 20170124105934.0 | ||
| 008 | 161214b xxu||||| |||| 00| 0 eng d | ||
| 010 | _aB-093173 | ||
| 020 | _c330.00 | ||
| 035 | _aB-093173 | ||
| 037 | _bCen Lib/ Ret | ||
| 040 |
_aDPL _bEN _cTIT |
||
| 082 |
_a340.0954 _bJAI |
||
| 100 |
_aJain, M.P. _98999 |
||
| 245 |
_aOutlines of Indian Legal History / _cby M.P. Jain |
||
| 250 | _a5th ed (repr.) | ||
| 260 |
_aNew Delhi _bWadhwa and Company _c1952 |
||
| 270 |
_aB-193 Okhla industrial Area Phase-I _bNew Delhi _e110020 |
||
| 300 |
_axvii,728p. _c23cm(Hb) |
||
| 500 | _aIncludes index. | ||
| 650 |
_aHistory _99000 |
||
| 650 |
_aIndian History _99001 |
||
| 942 |
_2ddc _cEN _h340.0954 _mJAI |
||
| 999 |
_c124041 _d124041 |
||